Catálogo

Menos conferencias, más experiencias : (Registro nro. 25329)

Detalles MARC
000 -LEADER
fixed length control field 01549cam a2200421 i 4500
001 - CONTROL NUMBER
control field 25329
003 - CONTROL NUMBER IDENTIFIER
control field Mx-PuUPA
005 - DATE AND TIME OF LATEST TRANSACTION
control field 20250827104031.0
008 - FIXED-LENGTH DATA ELEMENTS--GENERAL INFORMATION
fixed length control field 140415s2024 ck a gr 000 0 spa d
020 ## - INTERNATIONAL STANDARD BOOK NUMBER
International Standard Book Number 9789587467703
040 ## - CATALOGING SOURCE
Original cataloging agency Mx-PuUPA
Language of cataloging spa
Transcribing agency Mx-PuUPA
Modifying agency Mx-PuUPA
Description conventions rda
041 0# - LANGUAGE CODE
Language code of text/sound track or separate title spa
100 1# - MAIN ENTRY--PERSONAL NAME
Personal name Arrieta, Mauricio,
Relator term autor
9 (RLIN) 17396
245 10 - TITLE STATEMENT
Title Menos conferencias, más experiencias :
Remainder of title diseño educativo conversacional /
Statement of responsibility, etc. Mauricio Arrieta, Marla Maestre Meyer, Edgar Villegas Iriarte, Roberto Aguas Núñez
250 ## - EDITION STATEMENT
Edition statement Primera edición /
Remainder of edition statement agosto
264 #1 - PRODUCTION, PUBLICATION, DISTRIBUTION, MANUFACTURE, AND COPYRIGHT NOTICE
Place of production, publication, distribution, manufacture Colombia :
Name of producer, publisher, distributor, manufacturer Editorial Unimagdalena,
Date of production, publication, distribution, manufacture, or copyright notice 2024
300 ## - PHYSICAL DESCRIPTION
Extent 29 páginas :
Other physical details ilustraciones, diagramas, tablas ;
Dimensions 23 cm
336 ## - CONTENT TYPE
Fuente rdacontent
Content type term texto
Content type code txt
337 ## - MEDIA TYPE
Source rdamedia
Media type term sin medio
Media type code n
338 ## - CARRIER TYPE
Source rdacarrier
Carrier type term volumen
Carrier type code nc
490 0# - SERIES STATEMENT
Series statement Colección Ciencias Sociales
490 0# - SERIES STATEMENT
Series statement Educación y pedagogía
650 #7 - SUBJECT ADDED ENTRY--TOPICAL TERM
Source of heading or term armarc
Topical term or geographic name entry element Comunicación en educación
General subdivision Diseño
650 #7 - SUBJECT ADDED ENTRY--TOPICAL TERM
Source of heading or term armarc
Topical term or geographic name entry element Modelos de enseñanza
650 #7 - SUBJECT ADDED ENTRY--TOPICAL TERM
Source of heading or term armarc
Topical term or geographic name entry element Métodos de enseñanza
650 #7 - SUBJECT ADDED ENTRY--TOPICAL TERM
Source of heading or term armarc
Topical term or geographic name entry element Educación superior
650 #7 - SUBJECT ADDED ENTRY--TOPICAL TERM
Source of heading or term armarc
Topical term or geographic name entry element Pedagogía
650 #7 - SUBJECT ADDED ENTRY--TOPICAL TERM
Source of heading or term armarc
Topical term or geographic name entry element Aprendizaje experiencial
700 1# - ADDED ENTRY--PERSONAL NAME
Personal name Maestre Meyer, Marla,
Relator term autor
700 1# - ADDED ENTRY--PERSONAL NAME
Personal name Villegas Iriarte, Edgard
Relator term autor
700 1# - ADDED ENTRY--PERSONAL NAME
Personal name Aguas Núñez, Roberto,
Relator term autor
942 ## - ADDED ENTRY ELEMENTS (KOHA)
Source of classification or shelving scheme Dewey Decimal Classification
Koha item type Libro
Classification part 371.1022
Item part A77
Existencias
Withdrawn status Lost status Source of classification or shelving scheme Damaged status Not for loan Collection code Home library Current library Shelving location Date acquired Source of acquisition Total Checkouts Full call number Barcode Date last seen Price effective from Koha item type
    Dewey Decimal Classification     General Biblioteca Karol Wojtyla Biblioteca Karol Wojtyla Sala general 03/12/2013 Donación   371.1022 A77 2024 47188 05/01/2026 03/12/2013 Libro